KOHA-Header-6

Mastering the Art of Business Communiaction (Record no. 406)

000 -LEADER
fixed length control field 00335nam a2200121Ia 4500
008 - FIXED-LENGTH DATA ELEMENTS--GENERAL INFORMATION
fixed length control field 190722s9999 xx 000 0 und d
020 ## - INTERNATIONAL STANDARD BOOK NUMBER
International Standard Book Number 978-81-207-3729-7
100 ## - MAIN ENTRY--PERSONAL NAME
Personal name Prof. Sumita Roy
245 #0 - TITLE STATEMENT
Title Mastering the Art of Business Communiaction
260 ## - PUBLICATION, DISTRIBUTION, ETC. (IMPRINT)
Place of publication, distribution, etc New Delhi
Name of publisher, distributor, etc Sterling Publishers (Pvt.) Ltd.
Date of publication, distribution, etc 2010
300 ## - PHYSICAL DESCRIPTION
Extent 322
942 ## - ADDED ENTRY ELEMENTS (KOHA)
Koha item type Books
Holdings
Withdrawn status Lost status Damaged status Not for loan Permanent Location Current Location Date acquired Full call number Barcode Date last seen Price effective from Koha item type
        MAJU MAJU 2019-07-22 658.45 7032 2019-07-22 2019-07-22 Books

Powered by Koha